| 000 | 01495cam a2200457 c 4500 | ||
|---|---|---|---|
| 001 | 1001693493 | ||
| 003 | DE-627 | ||
| 005 | 20260206123608.0 | ||
| 007 | tu | ||
| 008 | 160608s2015 gw ||||| 00| ||ger c | ||
| 020 | _a9783000503900 | ||
| 020 | _a3000503900 | ||
| 035 | _a(DE-627)1001693493 | ||
| 035 | _a(DE-576)470472901 | ||
| 035 | _a(DE-599)GBV1001693493 | ||
| 035 | _a(OCoLC)934512350 | ||
| 040 |
_aDE-627 _bger _cDE-627 _erakwb |
||
| 041 | _ager | ||
| 044 |
_cXA-DE-NW _cXA-DE |
||
| 084 |
_a15.04 _2bkl |
||
| 084 |
_a15.96 _2bkl |
||
| 084 |
_a15.43 _2bkl |
||
| 084 |
_a02.01 _2bkl |
||
| 245 | 0 | 0 |
_a"Von allem etwas ..." _bmeine jüdische Kindheit in Dülmen und Rotterdam, 1928 - 1945; Erinnerungen von Helga Becker-Leeser _c[Hrsg. von der Geschichts-AG der Hermann-Leeser-Schule Dülmen ...; Erzähltext: Helga Becker-Leeser; Sachtexte: Andrea Peine ...; Ill. & Fotogr.: Udo Schotten] |
| 250 | _a1. Aufl. | ||
| 260 | _c2015 | ||
| 300 |
_a95 S. _bIll. |
||
| 655 | 7 |
_aKindersachbuch _2gnd-content |
|
| 655 | 7 |
_aBiografie _2gnd-content |
|
| 700 | 1 |
_81\p _aBecker-Leeser, Helga _d1928-2018 _4oth |
|
| 700 | 1 |
_82\p _aPeine, Andrea _d1967- _4oth |
|
| 700 | 1 |
_aSchotten, Udo _eIll. _4ill |
|
| 710 | 2 |
_aStadtarchiv Dülmen _4oth |
|
| 856 | 4 | 2 |
_uhttp://deposit.dnb.de/cgi-bin/dokserv?id=5340689&prov=M&dok_var=1&dok_ext=htm _mX:MVB _qtext/html _3Inhaltstext |
| 936 | b | k | _a15.04 |
| 936 | b | k | _a15.96 |
| 936 | b | k | _a15.43 |
| 936 | b | k | _a02.01 |
| 942 |
_2z _cB |
||
| 951 | _aBO | ||
| 999 |
_c374259 _d374259 |
||